| 000 | 00719nam a2200205 a 4500 | ||
|---|---|---|---|
| 001 | 5180 | ||
| 003 | CDMR | ||
| 005 | 20131204112205.0 | ||
| 008 | 130130s2001||||||||||||||||||||||||||||d | ||
| 020 | _a8401377773 | ||
| 040 |
_aCDMR _bcat _cCDMR |
||
| 245 | 0 | 4 |
_aLos ojos de la guerra _b: [70 corresponsales escriben sobre su profesión y recuerdan a Miguel Gil, muerto en Sierra Leona] _cedición a cargo de Manuel Leguineche y Gervasio Sánchez |
| 260 |
_aBarcelona _c2001 _bPlaza & Janés |
||
| 300 | _a460 p. | ||
| 650 | 0 | 4 |
_94205 _aFotografia de guerra |
| 650 | 0 | 4 |
_93678 _aCorresponsals de guerra _vRelats personals |
| 700 | 1 |
_91789 _aLeguineche, Manuel _eed. |
|
| 700 | 1 |
_965 _aSánchez, Gervasio _eed. |
|
| 942 |
_cMON _2ddc |
||
| 999 |
_c5180 _d5180 |
||